| 000 | 00330nam a2200109Ia 4500 | ||
|---|---|---|---|
| 008 | 180205s9999 xx 000 0 und d | ||
| 020 | _a781738180 | ||
| 100 | _aBickley, Lynn S. | ||
| 245 | _aPocket guide to physical examination and history taking / | ||
| 260 |
_aUSA _bLippincott williams & wilkins _c2004 |
||
| 300 | _avi, 376 pages | ||
| 999 |
_c354842 _d354842 |
||